[Event "TUR-chT 2nd League"]
[Site "Konya"]
[Date "2022.08.25"]
[Round "6.13"]
[White "Sariisik, Cagdas"]
[Black "Ozdemir, Abdurrahim Kayra"]
[Result "1-0"]
[WhiteElo "1445"]
[BlackElo "1585"]
[PlyCount "66"]
[EventDate "2022.08.22"]
[EventType "team-swiss"]
[EventRounds "9"]
[EventCountry "TUR"]
[SourceTitle "CBM 210 Extra"]
[Source "ChessBase"]
[SourceDate "2022.11.30"]
[SourceVersion "1"]
[SourceVersionDate "2022.11.30"]
[SourceQuality "1"]
[WhiteTeam "Yalova Altinkale"]
[BlackTeam "Calli Spor"]
[WhiteTeamCountry "TUR"]
[BlackTeamCountry "TUR"]

1. e4 Nf6 2. Nc3 d5 3. e5 Nfd7 4. e6 fxe6 5. d4 g6 6. h4 Nf6 7. h5 Nxh5 8. Rxh5 gxh5 9. Qxh5+ Kd7 10. Nxd5 Bg7 11. Nf3 Qg8 12. Nf4 Kd8 13. Ng5 Bf6 14. Nf7+ Kd7 15. Bc4 c6 16. Bxe6+ Kc7 17. Bxc8 Qxc8 18. Nxh8 Bxh8 19. Qxh7 Na6 20. Qxe7+ Kb8 21. Qd6+ Nc7 22. Be3 Bg7 23. 0-0-0 Bf8 24. Qe5 Qe8 25. Qxe8+ Nxe8 26. d5 cxd5 27. Rxd5 Kc8 28. Ne6 Be7 29. Bd4 Nd6 30. f4 Kd7 31. Ng7 Rh8 32. Nf5 Rh1+ 33. Kd2 Kc6 1-0

[Event "TUR-chT 2nd League"]
[Site "Konya"]
[Date "2022.08.23"]
[Round "2.8"]
[White "Koseoglu, Omer Umut"]
[Black "Ozdemir, Abdurrahim Kayra"]
[Result "0-1"]
[WhiteElo "1525"]
[BlackElo "1585"]
[PlyCount "100"]
[EventDate "2022.08.22"]
[EventType "team-swiss"]
[EventRounds "9"]
[EventCountry "TUR"]
[SourceTitle "CBM 210 Extra"]
[Source "ChessBase"]
[SourceDate "2022.11.30"]
[SourceVersion "1"]
[SourceVersionDate "2022.11.30"]
[SourceQuality "1"]
[WhiteTeam "Eskiseh Tasci"]
[BlackTeam "Calli Spor"]
[WhiteTeamCountry "TUR"]
[BlackTeamCountry "TUR"]

1. d4 Nf6 2. c4 g6 3. Nf3 Bg7 4. g3 0-0 5. Bg2 d6 6. 0-0 a6 7. Nc3 Nc6 8. h3 Rb8 9. Re1 b5 10. cxb5 axb5 11. Bg5 b4 12. Bxf6 Bxf6 13. Nd5 Bg7 14. Rc1 Bd7 15. e3 Rb5 16. Nd2 e6 17. Nf4 Na5 18. Nd3 c6 19. Nc4 Nxc4 20. Rxc4 Qb6 21. Qd2 Rb8 22. Rec1 d5 23. Rc5 Bf8 24. Rxb5 Qxb5 25. Ne5 Be8 26. Bf1 Qb6 27. Qc2 Rc8 28. Nd3 Ra8 29. b3 Ra5 30. Qd2 Bd6 31. Rc2 f6 32. Nc5 e5 33. Qd1 Bxc5 34. dxc5 Rxc5 35. Rxc5 Qxc5 36. Qg4 f5 37. Qg5 Qd6 38. Bd3 e4 39. Be2 Kg7 40. g4 h6 41. Qh4 g5 42. Qg3 Qxg3+ 43. fxg3 Kf6 44. Kf2 c5 45. Ke1 d4 46. gxf5 Kxf5 47. g4+ Ke5 48. Bc4 dxe3 49. Ke2 Kf4 50. Be6 Bb5+ 0-1

[Event "TUR-chT 2nd League"]
[Site "Konya"]
[Date "2019.07.25"]
[Round "5.12"]
[White "Altundal, Arda"]
[Black "Ozdemir, Abdurrahim Kayra"]
[Result "0-1"]
[WhiteElo "1707"]
[BlackElo "1472"]
[PlyCount "70"]
[EventDate "2019.07.22"]
[EventType "team-swiss"]
[EventRounds "9"]
[EventCountry "TUR"]
[SourceTitle "CBM 191 Extra"]
[Source "ChessBase"]
[SourceDate "2019.09.30"]
[SourceVersion "1"]
[SourceVersionDate "2019.09.30"]
[SourceQuality "1"]
[WhiteTeam "Corum Belediye"]
[BlackTeam "Calli Spor"]
[WhiteTeamCountry "TUR"]
[BlackTeamCountry "TUR"]

1. e4 Nf6 2. Nc3 d5 3. e5 Nfd7 4. d4 e6 5. Nb1 c5 6. c3 Nc6 7. a3 a6 8. b4 cxd4 9. cxd4 b5 10. Be3 Nb6 11. Nd2 Nc4 12. Nxc4 dxc4 13. Ne2 Bb7 14. Nc3 Ne7 15. f3 Nd5 16. Nxd5 Bxd5 17. Qd2 a5 18. Rb1 axb4 19. axb4 Ra4 20. Be2 Be7 21. 0-0 0-0 22. Bd1 Ra3 23. Bc2 Qa8 24. Rf2 Rc8 25. Qd1 Rxe3 26. f4 Be4 27. Ra1 Qd5 28. Qd2 Rb3 29. Bxb3 cxb3 30. Rc1 Rxc1+ 31. Qxc1 Qxd4 32. Qb2 Qxb2 33. Rxb2 Bc2 34. Kf2 Bxb4 35. Ke2 Bc3 0-1